Omni

"OMNI was a science and science fiction magazine published in the US and the UK. It contained articles on science fact and short works of science fiction. The first issue was published in October 1978, the last in Winter 1995, with an internet version lasting until 1998"--Wikipedia article "Omni (ma...

Full description

Bibliographic Details
Format: Electronic Journal
Language:English
Published: [New York] : [Omni Publications International]
Subjects:
Online Access:Full text available from Research Library: 01/01/1988 to 10/31/1995

MARC

LEADER 00000nas a2200000 a 4500
001 ssj0001212
003 WaSeSS
005 20200512172242.0
006 m d
007 cr n
008 050614d19781995nyumr pss 0 a0eng
010 |a  2012202234  |z sn 78004366  
022 |a 2169-8457  |l 0149-8711  |y 0149-8711 
035 |a (WaSeSS)ssj0001212 
040 |a OCLCS  |b eng  |c OCLCS  |d OCLCQ  |d AZU  |d AU@  |d CO3  |d OCLCQ  |d DLC  |d OCLCQ  |d BUF  |d OCLCO  |d OCLCF  |d OCLCO  |d OCLCQ  |d WaSeSS 
042 |a pcc  |a nsdp 
050 4 |a AP2  |b .O452 
082 0 4 |a 051 
130 0 |a Omni (New York, N.Y. : Online) 
222 0 |a Omni  |b (New York, N.Y. Online) 
245 1 0 |a Omni  |h [electronic resource]. 
260 |a [New York] :  |b [Omni Publications International] 
310 |a Monthly 
362 1 |a Print issues designated v. 1-v. 17, no. 7 ; Oct. 1978-Apr. 1995; ceased with vol. 17, no. 9 (winter 1995). 
506 |a License restrictions may limit access. 
520 |a "OMNI was a science and science fiction magazine published in the US and the UK. It contained articles on science fact and short works of science fiction. The first issue was published in October 1978, the last in Winter 1995, with an internet version lasting until 1998"--Wikipedia article "Omni (magazine)" viewed Nov. 8, 2012. 
538 |a Mode of access: World Wide Web. 
588 |a Description based on print version record. 
588 |a Latest issue consulted: Vol. 17, issue 9 (winter 1995) (website viewed, Sept. 5, 2012). 
648 7 |a 1900-1999  |2 fast 
650 0 |a Science  |v Periodicals. 
650 0 |a Technology  |v Periodicals. 
650 0 |a Science fiction  |v Periodicals. 
650 0 |a Short stories  |y 20th century  |v Periodicals. 
650 7 |a Science.  |2 fast  |0 (OCoLC)fst01108176 
650 7 |a Science fiction.  |2 fast  |0 (OCoLC)fst01108566 
650 7 |a Short stories.  |2 fast  |0 (OCoLC)fst01117043 
650 7 |a Technology.  |2 fast  |0 (OCoLC)fst01145078 
650 7 |a DESARROLLO CIENTIFICO Y TECNOLOGICO  |x PUBLICACIONES PERIODICAS.  |2 renib 
650 7 |a TECNOLOGIA  |x PUBLICACIONES PERIODICAS.  |2 renib 
650 7 |a PUBLICACIONES PERIODICAS CIENTIFICAS.  |2 renib 
655 0 |a Electronic journals. 
776 0 8 |i Print version:  |t Omni (New York, N.Y.)  |x 0149-8711  |w (DLC) 79643545  |w (OCoLC)3568173 
787 1 |t Omni online database directory 
856 4 0 |z Full text available from Research Library: 01/01/1988 to 10/31/1995  |u https://search.proquest.com/publication/37863